| 000 | 00467nam a2200169Ia 4500 | ||
|---|---|---|---|
| 008 | 241115s9999 xx 000 0 und d | ||
| 020 | _a978-81-7758-643-5 | ||
| 082 | _a621.3815 FLO | ||
| 100 | _aFloyd, Thomas L. | ||
| 245 | 0 | _aElectronic Devices: conventional current version | |
| 250 | _a7th ed, | ||
| 260 |
_aNew Dehli: _bPrintice Hall, _c2008 |
||
| 300 | _axiii,635p. | ||
| 600 | _aElectrical Engineering | ||
| 650 | _aElectrical Engineering | ||
| 942 | _cBBD | ||
| 999 |
_c26359 _d26359 |
||